Un film, une année. Quelle année pour ces films célèbres ? (1) - Statistiques

Statistiques générales
  • Ce quiz a été pris 58 fois
  • Le résultat moyen est 25 sur 32
Statistiques - réponses
Film Indice 1 Indice 2 Année % Correct
007 Spectre Attentat contre Charlie-Hebdo Les détecteurs de fumée deviennent obligatoires en France 2015
96%
Platoon Début de la 1ère cohabitation en France Mort de Daniel Balavoine 1986
94%
La Haine Inauguration de la nouvelle BNF Jacques Chirac devient président 1995
94%
Titane Vaccination généralisée contre le Covid-19 Mort du dernier compagnon de la Libération, Hubert Germain 2021
94%
Jurassic Park 2e cohabitation en France 1er trophée Jules Verne 1993
92%
Rome, ville ouverte Capitulations de l'Allemagne et du Japon Procès du maréchal Pétain 1945
90%
Les dents de la mer Loi sur l'IVG Création de deux départements en Corse 1975
90%
Inception Tremblement de terre en Haïti Un volcan islandais paralyse le transport aérien 2010
90%
Midnight Express Mort de Claude François Enlèvement du baron Empain 1978
88%
Cyrano de Bergerac Jonction du tunnel sous la Manche Début de la 1ère guerre du Golfe 1990
88%
La vie d'Adèle L'armée française intervient au Mali 1er mariage homosexuel en France 2013
88%
Lawrence d'Arabie Accords d'Evian Référendum sur l'élection du président au suffrage universel 1962
86%
Huit et demi Assassinat de Kennedy Ouverture du 1er hypermarché français 1963
86%
Forrest gump Inauguration du tunnel sous la Manche Nouveau code pénal 1994
86%
De rouille et d'os François Hollande est élu président Fusillade de Chevaline 2012
86%
Le Parrain Lancement de la Renault 5 1er restaurant McDonald's en France 1972
84%
Le crime de l'Orient-Express Mort de Georges Pompidou, président de la République La majorité est fixée à 18 ans 1974
84%
Joyeux Noël Les Français votent non au projet de constitution européenne Emeutes dans les banlieues 2005
82%
Flashdance Découverte du virus du Sida par Luc Montagnier Lancement du 1er sous-marin d'attaque à propulsion nucléaire français 1983
80%
Rain Man Inauguration de la pyramide du Louvre Prise d'otages à Ouvéa 1988
80%
Camping Inauguration du musée du Quai Branly Amélie Mauresmo gagne pour la 2e fois à Wimbledon 2006
80%
La Belle équipe Front populaire Suicide de Roger Salengro 1936
78%
A bout de souffle Le Nouveau Franc enre en vigueur 1ère bombe atomique française 1960
76%
Le voyage dans la Lune Eruption de la Montagne Pelée en Martinique Mort d'Emile Zola 1902
69%
L'homme orchestre Exposition universelle de Paris 1ers JO de Paris 1900
67%
Adrienne Lecouvreur Election de Raymond Poincaré à la présidence Loi des 3 ans sur le service militaire 1913
67%
Les Nibelungen 1er JO d'hiver Démission du président Millerand 1924
65%
La bataille du rail Parution du Petit Prince Procès et exécution du Dr Petiot 1946
63%
Le Silence de la mer Publication du Deuxième sexe de S. de Beauvoir Sortie de la 1ère 2 CV 1949
63%
La reine Margot (1) Crue du siècle à Paris Lancement des cigarettes Gauloises 1910
57%
Cléopâtre Crise du 6 février Affaire Stavisky 1934
57%
Les trois mousquetaires (1) Protectorat français au Maroc Siège de la Bande à Bonnot 1912
51%
Aucun quiz correspondant
Distribution des résultats
% des personnes avec chaque résultat
Percentile par nombre de réponses
Votre historique - résultats
Vous n’avez pas pris ce quiz